000 00705cam a22002413a 4500
001 17269
003 PGUSA
005 20140828083353.0
008 051209s2005||||xxu|||||s|||||000 | eng d
040 _aPGUSA
_beng
042 _adc
050 4 _aGR
100 1 _aDack, Charles,
_d1847-1923
245 1 0 _aWeather and Folk Lore of Peterborough and District
_h[electronic resource] /
_cCharles Dack
260 _bProject Gutenberg,
_c2005
506 _aPublic domain in the USA.
516 _aElectronic text
653 _aWeather -- Folklore
653 _aFolklore -- England -- Peterborough
830 0 _aProject Gutenberg
_v17269
856 4 0 _uhttp://www.gutenberg.org/ebooks/17269
942 _cEB
999 _c246524
_d246524